El secreto del masajista / (Record no. 194623)

MARC details
000 -LEADER
campo de control de longitud fija 01279nam a2200337 i 4500
001 - NÚMERO DE CONTROL
campo de control 194623
003 - IDENTIFICADOR DE NÚMERO DE CONTROL
campo de control SpMaBN
005 - FECHA Y HORA DE LA ÚLTIMA TRANSACCIÓN
campo de control 20250804062701.0
008 - DATOS DE LONGITUD FIJA--INFORMACIÓN GENERAL
campo de control de longitud fija 230212s2022 sp | |||| 000 f spa
015 ## - NÚMERO DE BIBLIOGRAFÍA NACIONAL
Número de bibliografía nacional MON22
017 ## - NÚMERO DE COPYRIGHT O DE DEPÓSITO LEGAL
Número de copyright o de depósito legal AL 1675-2022
Agencia que asigna Oficina Depósito Legal Almería
020 ## - NÚMERO INTERNACIONAL ESTÁNDAR DEL LIBRO
Número Internacional Estándar del Libro 9788411450560
040 ## - FUENTE DE CATALOGACIÓN
Centro catalogador/agencia de origen SpMaBN
Lengua de catalogación spa
Centro/agencia transcriptor SpMaBN
Normas de descripción rda
Centro/agencia modificador ES-MaACL
080 ## - NÚMERO DE LA CLASIFICACIÓN DECIMAL UNIVERSAL
Número de la Clasificación Decimal Universal 821.134.2-31"19"
100 ## - ENTRADA PRINCIPAL--NOMBRE DE PERSONA
Nombre de persona Sánchez Jiménez, Jesús,
Fechas asociadas al nombre 1971-
9 (RLIN) 236287
Término indicativo de función/relación Autor
245 13 - MENCIÓN DEL TÍTULO
Título El secreto del masajista /
Mención de responsabilidad, etc. Jesús Sánchez Jiménez.
250 ## - MENCION DE EDICION
Mención de edición Primera edición: junio 2022
264 #1 - PRODUCCIÓN, PUBLICACIÓN, DISTRIBUCIÓN, FABRICACIÓN Y COPYRIGHT
Producción, publicación, distribución, fabricación y copyright [Roquetas de Mar] :
Nombre del de productor, editor, distribuidor, fabricante Círculo Rojo Editorial,
Fecha de producción, publicación, distribución, fabricación o copyright [2022].
300 ## - DESCRIPCIÓN FÍSICA
Extensión 247 páginas :
Dimensiones 21 cm.
336 ## - TIPO DE CONTENIDO
Término de tipo de contenido Texto
Fuente rdacontent
337 ## - TIPO DE MEDIO
Nombre/término del tipo de medio sin mediación
Fuente rdamedia
338 ## - TIPO DE SOPORTE
Nombre/término del tipo de soporte volumen
Fuente rdacarrier
655 #0 - TERMINO DE INDIZACIÓN--GENERO/FORMA
Datos o término principal de género/forma Novelas
9 (RLIN) 234319
852 ## - LOCALIZACIÓN
Ubicación ES-MaACL
Ubicación en estantería Depósito J
Número de control de estantería N-8887
Encuadernación Encuadernación rústica
Donativo/Legado Donación: Jesús Sánchez Jiménez
Anotaciones manuscritas Dedicatoria autógrafa del autor
itemnumber 204772
903 ## - NOMBRE PERSONAL DE DONANTE
9 236287
a Sánchez Jiménez, Jesús,
d 1971-
e Donante
942 ## - ELEMENTOS DE ENTRADA SECUNDARIOS (KOHA)
Tipo de ítem Koha Libro impreso
Suprimir en OPAC No
Holdings
Estatus retirado Estado de pérdida Fuente del sistema de clasificación o colocación Estado de daño No para préstamo Colección Biblioteca de origen Biblioteca actual Ubicación en estantería Fecha de adquisición Fuente de adquisición Total de préstamos Signatura topográfica completa Código de barras Visto por última vez Precio de reemplazo Tipo de ítem Koha
    Clasificación decimal universal     Libros con dedicatorias Biblioteca del Ateneo de Madrid Biblioteca del Ateneo de Madrid Depósito J 14/03/2025 Donación   N-8887 101229618 14/03/2025 14/03/2025 Libro impreso